[Event "Mercredi 2016.05.11 ABCD"]
[Site "Montreal CAN"]
[Date "2016.06.08"]
[Round "5"]
[White "Barko, Maxim"]
[Black "Gates, Claude-Eric"]
[Result "1-0"]
[WhiteElo "1888"]
[BlackElo "1806"]
[PlyCount "83"]
[EventDate "2016.05.11"]
[EventType "tourn"]
[EventRounds "5"]
[EventCountry "CAN"]

1. d4 d5 2. c4 Nf6 3. cxd5 Nxd5 4. e4 Nb6 5. Nc3 e6 6. Nf3 c6 7. Bd3 Be7 8. O-O
Na6 9. a3 Nc7 10. Be3 Nd7 11. b4 Nf6 12. Qc2 h6 13. Rfd1 Bd7 14. Na4 O-O 15.
Nc5 Rb8 16. Qa4 Bxc5 17. bxc5 a6 18. Rab1 Ng4 19. Bf4 e5 20. Nxe5 Ne6 21. Bg3
Nxe5 22. Bxe5 Qg5 23. Bxb8 Rxb8 24. Bf1 Nf4 25. Qc2 Bh3 26. f3 f5 27. Kh1 fxe4
28. gxh3 exf3 29. Qb3+ Kh8 30. Qxf3 Rf8 31. Qg4 Qe7 32. Re1 Qc7 33. Qf3 Qd8 34.
Qe4 Nd5 35. Bd3 Nf6 36. Qe6 Qxd4 37. Qd6 Qd5+ 38. Qxd5 cxd5 39. Rxb7 Rc8 40. c6
Kg8 41. c7 Kf7 42. Bf5 1-0

[Event "Mercredi 2016.05.11 ABCD"]
[Site "Montreal CAN"]
[Date "2016.06.08"]
[Round "5"]
[White "Beaulieu, Pierre"]
[Black "Langlois-Remillard, Alexis"]
[Result "1-0"]
[WhiteElo "1820"]
[BlackElo "1919"]
[PlyCount "175"]
[EventDate "2016.05.11"]
[EventType "tourn"]
[EventRounds "5"]
[EventCountry "CAN"]

1. b3 b5 2. Bb2 Bb7 3. e3 Nf6 4. Nf3 a6 5. d4 e6 6. Bd3 c5 7. dxc5 Bxc5 8. O-O
O-O 9. Nbd2 d6 10. Ng5 Nbd7 11. Nde4 e5 12. Qf3 Nxe4 13. Bxe4 Bxe4 14. Nxe4 a5
15. Rfd1 Qc7 16. Rd2 a4 17. Rad1 axb3 18. axb3 Ra2 19. c3 Nb6 20. Qe2 d5 21.
Bc1 Rxd2 22. Nxd2 Qc6 23. Nb1 Ra8 24. Qb2 Qg6 25. Bd2 Bd6 26. Be1 e4 27. Qe2 f5
28. h3 Qe8 29. c4 bxc4 30. bxc4 Qe5 31. g3 Nxc4 32. Nc3 Qe6 33. Nxd5 Ne5 34.
Kg2 Nd3 35. Nf4 Bxf4 36. exf4 Ra2 37. Qe3 Qb3 38. Rd2 Ra1 39. Re2 Qd1 40. Kf1
g6 41. g4 Qb1 42. g5 Qd1 43. h4 Qb1 44. Qd4 Qb5 45. Qxa1 Nxf4 46. Qa2+ Kf8 47.
Qa3+ Kf7 48. Qa7+ Ke6 49. Qe3 Nxe2 50. Qxe2 Qb3 51. Kg2 Qb7 52. Qc4+ Ke7 53.
Bb4+ Kd7 54. Qf7+ Kc6 55. Qxb7+ Kxb7 56. Kg3 Kc6 57. Kf4 Kd5 58. h5 Ke6 59. h6
Kd5 60. Bd2 Ke6 61. Bc3 Kd5 62. Ke3 Kc4 63. Bd2 Kd5 64. Bc3 Kc4 65. Be5 Kd5 66.
Bc7 Kc6 67. Bb8 Kd5 68. Kf4 Ke6 69. Ke3 Kd5 70. Kd2 Kc4 71. Kc2 Kd4 72. Bf4 Kc4
73. Be3 Kb4 74. Bd4 Kc4 75. Bc3 Kd5 76. Kb3 Kc5 77. Bd2 Kd4 78. Kb4 Ke5 79. Kc4
f4 80. Bc1 Kf5 81. Kd4 e3 82. fxe3 Kxg5 83. e4 Kxh6 84. e5 Kg7 85. Bxf4 Kf7 86.
Kd5 h5 87. e6+ Ke8 88. Bg5 1-0

[Event "Mercredi 2016.05.11 ABCD"]
[Site "Montreal CAN"]
[Date "2016.06.08"]
[Round "5"]
[White "Gauthier, Luc"]
[Black "Dumouchel, Alain"]
[Result "0-1"]
[WhiteElo "1762"]
[BlackElo "1727"]
[PlyCount "90"]
[EventDate "2016.05.11"]
[EventType "tourn"]
[EventRounds "5"]
[EventCountry "CAN"]

1. e4 e5 2. f4 exf4 3. Nf3 d6 4. d4 g5 5. g3 g4 6. Nh4 f3 7. Nc3 Nc6 8. Be3 Be7
9. Qd2 Bxh4 10. gxh4 Qxh4+ 11. Bf2 Qh6 12. Qxh6 Nxh6 13. Nd5 O-O 14. Nxc7 Rb8
15. Nb5 d5 16. exd5 Nb4 17. Kd2 Nxd5 18. c4 a6 19. Bg3 Bd7 20. Nd6 Ne7 21. Ne4
f5 22. Bxb8 fxe4 23. Bd6 Nhf5 24. Bxe7 Nxe7 25. Re1 Bf5 26. Bd3 Rd8 27. Kc3 f2
28. Re3 Nd5+ 29. cxd5 exd3 30. Rxd3 Bxd3 31. Kxd3 Rxd5 32. Rf1 Rf5 33. Ke4 Rf3
34. d5 Kf7 35. Ke5 Ke7 36. a4 Kd7 37. d6 h5 38. Ke4 Kxd6 39. Rd1+ Ke6 40. Rf1
h4 41. h3 Rxh3 42. Rxf2 Rb3 43. Kf4 Rf3+ 44. Rxf3 gxf3 45. Kxf3 Kd5 0-1

[Event "Mercredi 2016.05.11 ABCD"]
[Site "Montreal CAN"]
[Date "2016.06.08"]
[Round "5"]
[White "Heredia, Jose"]
[Black "Lebeau, Gilbert"]
[Result "0-1"]
[WhiteElo "1948"]
[BlackElo "2053"]
[PlyCount "70"]
[EventDate "2016.05.11"]
[EventType "tourn"]
[EventRounds "5"]
[EventCountry "CAN"]

1. d4 Nf6 2. Nf3 d5 3. e3 c5 4. c3 Nc6 5. Nbd2 e6 6. Bd3 Bd6 7. dxc5 Bxc5 8. b4
Bd6 9. O-O O-O 10. a3 e5 11. e4 Bg4 12. Qc2 dxe4 13. Nxe4 Nxe4 14. Bxe4 f5 15.
Bd5+ Kh8 16. Ng5 Qf6 17. Qb3 Nd8 18. Re1 h6 19. Ne6 Nxe6 20. Bxe6 Rae8 21. Bd5
e4 22. Be3 Qe5 23. g3 f4 24. Bd4 Qf5 25. c4 Bf3 26. Qc3 Be5 27. Bxe4 Bxe4 28.
Bxe5 Rxe5 29. f3 fxg3 30. Re3 gxh2+ 31. Kf2 Ree8 32. Rae1 Bxf3 33. Rxe8 Be4+
34. Kg3 Qf4+ 35. Kh3 Rxe8 0-1

[Event "Mercredi 2016.05.11 ABCD"]
[Site "Montreal CAN"]
[Date "2016.06.08"]
[Round "5"]
[White "Lamoureux, Yvon"]
[Black "Baran, Marius"]
[Result "1-0"]
[WhiteElo "1742"]
[BlackElo "1775"]
[PlyCount "97"]
[EventDate "2016.05.11"]
[EventType "tourn"]
[EventRounds "5"]
[EventCountry "CAN"]

1. e4 c5 2. Nf3 d6 3. d4 cxd4 4. Nxd4 Nf6 5. Nc3 g6 6. f3 Bg7 7. Be3 O-O 8. Qd2
Nc6 9. Bc4 Bd7 10. O-O-O Qb8 11. g4 b5 12. Nxc6 Bxc6 13. Be2 Rc8 14. g5 Nh5 15.
Kb1 Qb7 16. Nd5 e6 17. Nb4 a5 18. Nxc6 Qxc6 19. Rc1 Rd8 20. c4 bxc4 21. Rxc4
Qb7 22. Rhc1 Rab8 23. b3 d5 24. exd5 Rxd5 25. Qc2 Rdd8 26. Rc7 Qd5 27. Rc5 Qa8
28. Rc4 a4 29. b4 a3 30. Qe4 Qxe4+ 31. fxe4 Bb2 32. R1c2 Kg7 33. Rd2 Rxd2 34.
Bxd2 Rb7 35. Kc2 f6 36. gxf6+ Nxf6 37. Kb3 Kf7 38. Bc1 Bxc1 39. Rxc1 Nxe4 40.
Kxa3 Ra7+ 41. Kb2 Rd7 42. b5 Rd4 43. a3 Ke7 44. Rc4 Rd2+ 45. Rc2 Rd6 46. a4 e5
47. a5 Kd8 48. a6 Rb6 49. a7 1-0

[Event "Mercredi 2016.05.11 ABCD"]
[Site "Montreal CAN"]
[Date "2016.06.08"]
[Round "5"]
[White "Lopez Linares, Lizandro"]
[Black "Gulko, Andrei"]
[Result "1/2-1/2"]
[WhiteElo "2214"]
[BlackElo "2139"]
[PlyCount "60"]
[EventDate "2016.05.11"]
[EventType "tourn"]
[EventRounds "5"]
[EventCountry "CAN"]

1. Nf3 Nf6 2. c4 e6 3. Nc3 Bb4 4. g3 O-O 5. Bg2 d5 6. cxd5 exd5 7. a3 Bd6 8.
O-O c6 9. d4 Re8 10. Bf4 Bxf4 11. gxf4 Ne4 12. e3 Bg4 13. Qd3 Nd7 14. Nd2 Nxd2
15. Qxd2 Qh4 16. f3 Bh3 17. Rae1 Re6 18. Qf2 Qxf2+ 19. Kxf2 Bxg2 20. Kxg2 Rae8
21. Kf2 Rh6 22. Rh1 Nb6 23. b3 f5 24. Rc1 Rhe6 25. Nd1 Nc8 26. Re1 Nd6 27. Nb2
Rh6 28. Rh1 Rhe6 29. Rhe1 Rh6 30. Rh1 Rhe6 1/2-1/2

[Event "Mercredi 2016.05.11 ABCD"]
[Site "Montreal CAN"]
[Date "2016.06.08"]
[Round "5"]
[White "Nunez, Omar"]
[Black "Jacquet, Stephane"]
[Result "0-1"]
[WhiteElo "1933"]
[BlackElo "2036"]
[PlyCount "68"]
[EventDate "2016.05.11"]
[EventType "tourn"]
[EventRounds "5"]
[EventCountry "CAN"]

1. f4 g6 2. b3 Bg7 3. Nc3 Nf6 4. Bb2 O-O 5. e3 c5 6. Nf3 Nc6 7. Bb5 d6 8. O-O
a6 9. Bxc6 bxc6 10. Ne2 a5 11. a4 Rb8 12. Qc1 Ba6 13. Re1 Qb6 14. Rb1 Nd5 15.
Bxg7 Kxg7 16. Ng3 Rb7 17. f5 Rfb8 18. d3 c4 19. dxc4 Bxc4 20. Qd2 Ba6 21. c4
Nf6 22. h3 Qc5 23. fxg6 hxg6 24. Kh2 Rxb3 25. Rxb3 Rxb3 26. e4 Qb4 27. Nf5+
gxf5 28. Qg5+ Kf8 29. Qh6+ Ke8 30. Ne5 dxe5 31. Qh8+ Kd7 32. Rd1+ Kc7 33. Qa8
Bc8 34. Qa7+ Bb7 0-1

[Event "Mercredi 2016.05.11 ABCD"]
[Site "Montreal CAN"]
[Date "2016.06.08"]
[Round "5"]
[White "Robidoux, Julien"]
[Black "Nardone, Raul"]
[Result "1/2-1/2"]
[WhiteElo "1729"]
[BlackElo "1793"]
[PlyCount "56"]
[EventDate "2016.05.11"]
[EventType "tourn"]
[EventRounds "5"]
[EventCountry "CAN"]

1. c4 g6 2. g3 Bg7 3. Bg2 c5 4. Nf3 Nc6 5. Nc3 e6 6. e4 Nge7 7. O-O O-O 8. Re1
e5 9. d3 h6 10. Be3 d6 11. Qd2 Kh7 12. Nd5 Nxd5 13. cxd5 Nd4 14. Bxd4 cxd4 15.
Rac1 Bf6 16. Rc2 Bg4 17. Qb4 Bxf3 18. Bxf3 Rb8 19. h4 Qd7 20. Rec1 Bd8 21. a4
a5 22. Qa3 Bb6 23. b4 axb4 24. Qxb4 Bc5 25. Qb3 b6 26. Ra2 Kg7 27. Qd1 Ra8 28.
Rca1 Ra5 1/2-1/2

[Event "Mercredi 2016.05.11 ABCD"]
[Site "Montreal CAN"]
[Date "2016.06.08"]
[Round "5"]
[White "Tremblay, Alain"]
[Black "Boudreau, Daniel"]
[Result "1-0"]
[WhiteElo "2237"]
[BlackElo "2130"]
[PlyCount "85"]
[EventDate "2016.05.11"]
[EventType "tourn"]
[EventRounds "5"]
[EventCountry "CAN"]

1. d4 Nf6 2. Nf3 e6 3. Bg5 d5 4. e3 c5 5. Nbd2 h6 6. Bh4 Nc6 7. c3 Be7 8. Bd3
b6 9. Ne5 Nxe5 10. dxe5 Nd7 11. Bxe7 Qxe7 12. f4 Bb7 13. O-O O-O 14. Qh5 f5 15.
g4 Qe8 16. Qxe8 Raxe8 17. gxf5 exf5 18. Nf3 g6 19. Rad1 Re7 20. Kf2 Kf7 21. Rg1
Rg8 22. h4 Nf8 23. h5 Bc8 24. hxg6+ Nxg6 25. Rh1 Rh8 26. Rh5 Ree8 27. Rdh1 Kg7
28. Rg1 Kh7 29. Bxf5 Bxf5 30. Rxf5 Rhf8 31. Rh5 d4 32. Ng5+ Kg7 33. Ne4 dxe3+
34. Kxe3 Rxf4 35. Rxg6+ Kxg6 36. Kxf4 Kxh5 37. Nf6+ Kg6 38. Nxe8 h5 39. Nf6 h4
40. Ng4 b5 41. b3 a5 42. Ke4 Kg5 43. e6 1-0

[Event "Mercredi 2016.08.31 ABCD"]
[Site "Montreal CAN"]
[Date "2016.08.31"]
[Round "1"]
[White "Gates, Claude-Eric"]
[Black "Lessard, Sylvain"]
[Result "1/2-1/2"]
[WhiteElo "1790"]
[BlackElo "1757"]
[PlyCount "78"]
[EventDate "2016.08.31"]
[EventType "tourn"]
[EventRounds "5"]
[EventCountry "CAN"]

1. e4 Nf6 2. Nc3 d5 3. e5 Nfd7 4. Nf3 e6 5. d4 c5 6. Be2 Nc6 7. dxc5 Bxc5 8.
O-O Ndxe5 9. Na4 Bd6 10. b3 O-O 11. Ne1 Ng6 12. f4 f6 13. f5 Nge7 14. fxe6 Bxe6
15. Nd3 Qc7 16. Nf4 Bf7 17. Nc3 Bc5+ 18. Kh1 Rad8 19. Bg4 f5 20. Bh5 g6 21. Be2
a6 22. Bb2 Be3 23. g3 d4 24. Na4 Nb4 25. Ba3 a5 26. Nb2 Ned5 27. Nxd5 Bxd5+ 28.
Bf3 Qc6 29. Bxb4 axb4 30. Nc4 Rfe8 31. Bxd5+ Qxd5+ 32. Qf3 Qxf3+ 33. Rxf3 b5
34. Nxe3 dxe3 35. Re1 e2 36. Rd3 Rxd3 37. cxd3 Kf7 38. Kg2 Rd8 39. Rxe2 Rxd3
1/2-1/2

[Event "Mercredi 2016.08.31 ABCD"]
[Site "Montreal CAN"]
[Date "2016.08.31"]
[Round "1"]
[White "Jacquet, Stephane"]
[Black "Keesal, Sheldon"]
[Result "1-0"]
[WhiteElo "2050"]
[BlackElo "2004"]
[PlyCount "65"]
[EventDate "2016.08.31"]
[EventType "tourn"]
[EventRounds "5"]
[EventCountry "CAN"]

1. d4 Nf6 2. c4 e6 3. Nf3 d5 4. Nc3 Bb4 5. Qc2 O-O 6. Bg5 h6 7. Bxf6 Qxf6 8. e3
c6 9. a3 Bxc3+ 10. bxc3 Nd7 11. cxd5 cxd5 12. Bb5 a6 13. Bxd7 Bxd7 14. Ne5 Rfd8
15. O-O Rac8 16. Rfb1 Rc7 17. Rb6 Qe7 18. Qb2 Be8 19. Nd3 Rdc8 20. Nc5 Bc6 21.
Rb1 Qe8 22. g3 Qe7 23. h4 Qe8 24. Qb4 Qe7 25. Kg2 Qe8 26. Rb3 Qe7 27. a4 Qe8
28. Nxb7 Rb8 29. Nc5 Rxb6 30. Qxb6 Qc8 31. Qxa6 Qxa6 32. Nxa6 Bxa4 33. Rb8+ 1-0

[Event "Mercredi 2016.08.31 ABCD"]
[Site "Montreal CAN"]
[Date "2016.08.31"]
[Round "1"]
[White "Johnson-Constantin, Matthieu"]
[Black "Lamoureux, Yvon"]
[Result "1-0"]
[WhiteElo "1858"]
[BlackElo "1791"]
[PlyCount "47"]
[EventDate "2016.08.31"]
[EventType "tourn"]
[EventRounds "5"]
[EventCountry "CAN"]

1. e4 c5 2. Nf3 d6 3. d4 cxd4 4. Nxd4 Nf6 5. Nc3 a6 6. Be2 e5 7. Nb3 Be6 8. O-O
Be7 9. Bf3 Qc7 10. Be3 Nbd7 11. Rc1 b5 12. g4 Nb6 13. g5 Nfd7 14. Bg4 Bxg4 15.
Qxg4 b4 16. Nd5 Nxd5 17. exd5 O-O 18. Qxb4 f5 19. f4 Rab8 20. Qd2 Qc4 21. Na5
Qxa2 22. Nc6 Rbe8 23. b3 Nc5 24. Ra1 1-0

[Event "Mercredi 2016.08.31 ABCD"]
[Site "Montreal CAN"]
[Date "2016.08.31"]
[Round "1"]
[White "Joyal, Bruno"]
[Black "Cisse, Lamine"]
[Result "1-0"]
[WhiteElo "1813"]
[BlackElo "1800"]
[PlyCount "59"]
[EventDate "2016.08.31"]
[EventType "tourn"]
[EventRounds "5"]
[EventCountry "CAN"]

1. Nf3 d5 2. c4 c6 3. g3 Nf6 4. Bg2 Bg4 5. O-O Nbd7 6. cxd5 cxd5 7. d4 e6 8.
Nc3 Be7 9. h3 Bh5 10. Bf4 a6 11. Rc1 Rc8 12. Kh2 O-O 13. g4 Bg6 14. Nd2 Ne4 15.
Ndxe4 dxe4 16. Nxe4 Qb6 17. Qa4 Bxe4 18. Rxc8 Rxc8 19. Qxd7 Qc6 20. Qxe7 Bxg2
21. Rc1 Qxc1 22. Bxc1 Bd5 23. Qd7 Ra8 24. h4 Bc6 25. Qd6 Rc8 26. h5 h6 27. g5
hxg5 28. Bxg5 Bd5 29. h6 f6 30. Qd7 1-0

[Event "Mercredi 2016.08.31 ABCD"]
[Site "Montreal CAN"]
[Date "2016.08.31"]
[Round "1"]
[White "Leveille, Francois"]
[Black "Lopez Linares, Lizandro"]
[Result "0-1"]
[WhiteElo "2357"]
[BlackElo "2240"]
[PlyCount "182"]
[EventDate "2016.08.31"]
[EventType "tourn"]
[EventRounds "5"]
[EventCountry "CAN"]

1. e4 d5 2. exd5 Qxd5 3. Nf3 Bg4 4. Be2 Bxf3 5. Bxf3 Qe5+ 6. Kf1 Nc6 7. Bxc6+
bxc6 8. Nc3 Rd8 9. Qe2 Qxe2+ 10. Kxe2 Nf6 11. d3 Rb8 12. Be3 a6 13. b3 e6 14.
Na4 Bd6 15. c4 O-O 16. Nc5 Bxc5 17. Bxc5 Rfe8 18. f3 Nd7 19. Be3 f6 20. d4 Kf7
21. Rhd1 Re7 22. Kf2 g5 23. Rac1 Rbe8 24. Bd2 Nb8 25. Bc3 h5 26. Rc2 Rd7 27.
Re1 h4 28. Re4 Rdd8 29. Rce2 Nd7 30. Rg4 Nf8 31. f4 Ng6 32. g3 gxf4 33. gxh4 f5
34. Rg1 Rh8 35. d5 e5 36. Bxe5 Rxh4 37. Bxc7 Rd7 38. d6 Rxh2+ 39. Rg2 Rh7 40.
Re1 Kf6 41. c5 Ne5 42. Reg1 Ng4+ 43. Kf3 Ke5 44. Re1+ Ne3 45. Rg8 Rh3+ 46. Ke2
Kd4 47. Rc1 Rdh7 48. d7 f3+ 49. Kf2 Rxd7 50. Bf4 Nd5 51. Rc4+ Kd3 52. Rg1 Nc3
53. Bg3 Ne4+ 54. Rxe4 Kxe4 55. Re1+ Kd5 56. Re5+ Kd4 57. Rxf5 Rd5 58. Rxf3 Rhh5
59. Ke2 Kxc5 60. Rc3+ Kb6 61. Bf2+ Kb7 62. a4 Rh2 63. Rf3 Rd7 64. Ke3 Rh1 65.
Ke4 Rhd1 66. Bc5 R1d2 67. Rc3 a5 68. Be3 Re7+ 69. Kf3 Rd5 70. Kf4 Kc7 71. Bc5
Re8 72. Rc4 Rd7 73. Kf5 Rf7+ 74. Kg6 Rf3 75. b4 Rg8+ 76. Kh7 Rg2 77. Rh4 axb4
78. Bxb4 Kb6 79. Rh5 Rg4 80. a5+ Ka6 81. Bd2 Rf7+ 82. Kh6 Rf8 83. Kh7 Rd4 84.
Bc3 Rd5 85. Rh3 Kb5 86. Kg7 Rf2 87. Kg6 c5 88. Re3 Rd1 89. Be1 Rf1 90. Rb3+ Kc4
91. Rc3+ Kd4 0-1

[Event "Mercredi 2016.08.31 ABCD"]
[Site "Montreal CAN"]
[Date "2016.08.31"]
[Round "1"]
[White "Nardone, Raul"]
[Black "Fortin-Lavoie, Patrice"]
[Result "1-0"]
[WhiteElo "1820"]
[BlackElo "1796"]
[PlyCount "157"]
[EventDate "2016.08.31"]
[EventType "tourn"]
[EventRounds "5"]
[EventCountry "CAN"]

1. d4 d5 2. Nf3 Nc6 3. Bf4 Bg4 4. Nbd2 Nf6 5. h3 Bh5 6. e3 a6 7. Be2 e6 8. O-O
Bd6 9. Ne5 Bxe2 10. Qxe2 Ne7 11. Bg5 h6 12. Bxf6 gxf6 13. Ng4 Ng6 14. c4 h5 15.
Nh2 Bxh2+ 16. Kxh2 Qd6+ 17. Kh1 Ke7 18. Rac1 Rag8 19. Nf3 Kd8 20. cxd5 exd5 21.
Qc2 Ne7 22. e4 Qf4 23. Ne5 c6 24. Nxf7+ Kc8 25. Nxh8 Rxh8 26. Rce1 Rg8 27. Re3
Rg7 28. Qe2 h4 29. exd5 Nxd5 30. Re8+ Kc7 31. Re4 Qd6 32. f4 f5 33. Re5 Qg6 34.
Rf3 Kb8 35. Re6 Qf7 36. Qe5+ Ka7 37. Qe2 Nf6 38. Re5 Ne4 39. b4 Ng3+ 40. Rxg3
Rxg3 41. Qc2 Qf8 42. Qc5+ Qxc5 43. dxc5 Ra3 44. Rxf5 Rxa2 45. Rh5 Ra4 46. Rxh4
Rxb4 47. Rg4 a5 48. f5 Rxg4 49. hxg4 a4 50. f6 a3 51. f7 a2 52. f8=Q a1=Q+ 53.
Kh2 Qe5+ 54. Kh3 Qe3+ 55. Kh4 Qe1+ 56. g3 Qh1+ 57. Kg5 Qc1+ 58. Kg6 Qe3 59. g5
Qxg3 60. Qd6 Qe3 61. Qf8 Ka6 62. Kf6 Kb5 63. g6 Qf4+ 64. Kg7 Qc7+ 65. Kg8 b6
66. cxb6 Kxb6 67. Qb4+ Ka6 68. Qa4+ Kb6 69. Qb3+ Ka6 70. Qf7 Qc8+ 71. Kg7 c5
72. Qc4+ Kb6 73. Kf6 Qd8+ 74. Kf5 Qd7+ 75. Qe6+ Qxe6+ 76. Kxe6 c4 77. g7 c3 78.
g8=Q c2 79. Qc8 1-0

[Event "Mercredi 2016.08.31 ABCD"]
[Site "Montreal CAN"]
[Date "2016.08.31"]
[Round "1"]
[White "Nica, Ion"]
[Black "O'Connor, Michael"]
[Result "1-0"]
[WhiteElo "1791"]
[BlackElo "1715"]
[PlyCount "47"]
[EventDate "2016.08.31"]
[EventType "tourn"]
[EventRounds "5"]
[EventCountry "CAN"]

1. d4 d5 2. e4 c6 3. Nf3 dxe4 4. Ne5 Nf6 5. Bc4 e6 6. Bg5 Be7 7. O-O Qb6 8. Bb3
O-O 9. Nc3 Rd8 10. Be3 Nbd7 11. d5 Nc5 12. Na4 Qc7 13. Bxc5 Bxc5 14. Nxf7 Bxf2+
15. Rxf2 Qxf7 16. d6 Qf8 17. Nc3 Rxd6 18. Qe2 Rd4 19. Raf1 Qd8 20. Rf4 Qb6 21.
Kh1 e3 22. R4f3 c5 23. Na4 Bd7 24. Nxb6 1-0

[Event "Mercredi 2016.08.31 ABCD"]
[Site "Montreal CAN"]
[Date "2016.08.31"]
[Round "1"]
[White "Yu, Zong Yang"]
[Black "Tremblay, Alain"]
[Result "1-0"]
[WhiteElo "2407"]
[BlackElo "2215"]
[PlyCount "81"]
[EventDate "2016.08.31"]
[EventType "tourn"]
[EventRounds "5"]
[EventCountry "CAN"]

1. Nf3 d6 2. d4 f5 3. Nc3 Nf6 4. Bg5 d5 5. Bxf6 exf6 6. e3 c6 7. Bd3 Bd6 8. Ne2
Na6 9. a3 Nc7 10. c4 dxc4 11. Bxc4 Qe7 12. Qb3 g6 13. O-O Kf8 14. Nc3 Kg7 15.
Rfe1 b5 16. Bf1 Be6 17. Qc2 Qd7 18. g3 Rhe8 19. Bg2 Rac8 20. Red1 Qf7 21. Rdc1
a5 22. Nd2 c5 23. Bc6 Red8 24. d5 Nxd5 25. Bxb5 Nxc3 26. Qxc3 Be5 27. Qc2 Rb8
28. a4 Bd7 29. Nc4 Bxb5 30. axb5 Rxb5 31. Rxa5 Rxa5 32. Nxa5 Qc7 33. b4 Bd6 34.
Nb3 c4 35. Nd4 Re8 36. Qxc4 Qe7 37. b5 Qe4 38. Qc6 Qe7 39. b6 Rb8 40. Ra1 Rb7
41. Ra7 1-0

[Event "Mercredi 2016.08.31 ABCD"]
[Site "Montreal CAN"]
[Date "2016.08.31"]
[Round "1"]
[White "Zumsteg, Nicolas"]
[Black "Robidoux, Julien"]
[Result "0-1"]
[WhiteElo "1778"]
[BlackElo "1771"]
[PlyCount "80"]
[EventDate "2016.08.31"]
[EventType "tourn"]
[EventRounds "5"]
[EventCountry "CAN"]

1. e4 e6 2. d4 d5 3. Nd2 Nf6 4. e5 Nfd7 5. Bd3 c5 6. c3 Nc6 7. Ne2 Qb6 8. Nf3
cxd4 9. cxd4 f6 10. exf6 Nxf6 11. O-O Bd6 12. Re1 O-O 13. a3 Qc7 14. h3 Kh8 15.
Bg5 Bd7 16. Rc1 Rfe8 17. Nc3 a6 18. Ne5 Bc8 19. Bxf6 gxf6 20. Nxc6 bxc6 21. Na4
e5 22. dxe5 fxe5 23. Qh5 e4 24. Bf1 Qa7 25. Rc2 Re5 26. Qd1 Rf5 27. Ree2 Bg3
28. Nc5 Qf7 29. Qd4+ Be5 30. Qe3 Qg7 31. Red2 Rf3 32. Qe2 Rxh3 33. g3 Bg4 34.
Bxh3 Bxe2 35. Rxe2 Bd4 36. Ne6 Qxg3+ 37. Bg2 Rg8 38. Kf1 Qxg2+ 39. Ke1 Qh1+ 40.
Kd2 Qh6+ 0-1

[Event "Mercredi 2016.08.31 ABCD"]
[Site "Montreal CAN"]
[Date "2016.09.07"]
[Round "2"]
[White "Fortin-Lavoie, Patrice"]
[Black "Joyal, Bruno"]
[Result "0-1"]
[WhiteElo "1796"]
[BlackElo "1813"]
[PlyCount "54"]
[EventDate "2016.08.31"]
[EventType "tourn"]
[EventRounds "5"]
[EventCountry "CAN"]

1. Nf3 c5 2. g3 d5 3. Bg2 Nc6 4. O-O e5 5. d3 Be7 6. Nc3 f5 7. e4 fxe4 8. dxe4
d4 9. Nd5 Be6 10. Nd2 Nf6 11. Nxe7 Qxe7 12. f4 O-O-O 13. f5 Bf7 14. Qe2 h5 15.
Nf3 c4 16. Bg5 Qc5 17. Kh1 Rd6 18. Rac1 c3 19. b3 Ng4 20. Rcd1 g6 21. h3 gxf5
22. exf5 Rg8 23. hxg4 hxg4 24. Bh4 gxf3 25. Bxf3 Rh6 26. Qe4 Rxg3 27. Bg2 Rxg2
0-1

[Event "Mercredi 2016.08.31 ABCD"]
[Site "Montreal CAN"]
[Date "2016.09.07"]
[Round "2"]
[White "Johnson-Constantin, Matthieu"]
[Black "Nardone, Raul"]
[Result "1-0"]
[WhiteElo "1858"]
[BlackElo "1820"]
[PlyCount "84"]
[EventDate "2016.08.31"]
[EventType "tourn"]
[EventRounds "5"]
[EventCountry "CAN"]

1. e4 c5 2. c3 d5 3. exd5 Qxd5 4. d4 e6 5. Nf3 cxd4 6. cxd4 Nf6 7. Nc3 Qd8 8.
Be2 Be7 9. O-O O-O 10. Bf4 Nd5 11. Nxd5 exd5 12. Rc1 Nc6 13. Ne5 Qb6 14. Nxc6
bxc6 15. Qd2 Ba6 16. Bxa6 Qxa6 17. Rfe1 Bf6 18. a3 Qb6 19. Be5 Bxe5 20. Rxe5
Rab8 21. b4 Qa6 22. Qe3 Qb5 23. Rc5 Qa4 24. g3 Ra8 25. Qc3 a5 26. bxa5 Rab8 27.
Rxc6 Rb1+ 28. Kg2 Qd1 29. Rc8 Qf1+ 30. Kf3 Qd1+ 31. Kf4 g6 32. Rxf8+ Kxf8 33.
Re3 h5 34. h3 Qf1 35. Qc8+ Kg7 36. Rf3 Rc1 37. Qd7 Qc4 38. Ke5 Qe2+ 39. Re3
Qxf2 40. Rb3 Qe2+ 41. Kd6 Qc4 42. Rb4 Qc5+ 1-0

[Event "Mercredi 2016.08.31 ABCD"]
[Site "Montreal CAN"]
[Date "2016.09.07"]
[Round "2"]
[White "Lamoureux, Yvon"]
[Black "Cisse, Lamine"]
[Result "0-1"]
[WhiteElo "1791"]
[BlackElo "1800"]
[PlyCount "84"]
[EventDate "2016.08.31"]
[EventType "tourn"]
[EventRounds "5"]
[EventCountry "CAN"]

1. e4 e6 2. d4 d5 3. Nd2 Bd7 4. Bd3 Bc6 5. e5 Nd7 6. f4 Nh6 7. Ndf3 Nf5 8. Ne2
h5 9. O-O Be7 10. Qe1 Nb6 11. b3 g6 12. a4 a5 13. Bxf5 gxf5 14. Bd2 Rg8 15.
Bxa5 Nd7 16. Bb4 Nf8 17. Bxe7 Qxe7 18. Nc1 Ng6 19. Nd3 Qf8 20. h4 Qe7 21. Kh2
Nf8 22. Ng5 O-O-O 23. Qb4 Qe8 24. g3 Nd7 25. a5 f6 26. exf6 Nxf6 27. Ne5 Bb5
28. Rfe1 Ne4 29. Nef7 Qc6 30. c4 Nxg5 31. Nxg5 dxc4 32. Rxe6 Qd5 33. Rae1 Bc6
34. Qd2 cxb3 35. R6e5 Qxd4 36. Qxd4 Rxd4 37. R1e2 Rgd8 38. Re8 Rxe8 39. Rxe8+
Rd8 40. Re1 Rd2+ 41. Kg1 b2 42. Kf1 Rc2 0-1

[Event "Mercredi 2016.08.31 ABCD"]
[Site "Montreal CAN"]
[Date "2016.09.07"]
[Round "2"]
[White "Lessard, Sylvain"]
[Black "Zumsteg, Nicolas"]
[Result "1-0"]
[WhiteElo "1757"]
[BlackElo "1778"]
[PlyCount "77"]
[EventDate "2016.08.31"]
[EventType "tourn"]
[EventRounds "5"]
[EventCountry "CAN"]

1. c4 g6 2. Nc3 Bg7 3. g3 Nc6 4. Bg2 e6 5. Rb1 Nge7 6. e3 O-O 7. Nge2 d5 8. b3
d4 9. exd4 Nxd4 10. Nxd4 Bxd4 11. Ne2 Bg7 12. Bb2 c5 13. Bxg7 Kxg7 14. O-O Qb6
15. Qc1 Bd7 16. Qc3+ f6 17. d4 Bc6 18. dxc5 Qxc5 19. Nd4 Kf7 20. b4 Qb6 21. c5
Qc7 22. Nxc6 bxc6 23. b5 Nd5 24. Qc4 cxb5 25. Rxb5 Rfd8 26. Rfb1 Qc6 27. Rb7+
Rd7 28. Rxd7+ Qxd7 29. c6 Qd6 30. Rb7+ Nc7 31. h4 Ke7 32. Qa4 a5 33. Qb3 Kd8
34. Qe3 Kc8 35. Qc3 Nd5 36. Bxd5 exd5 37. Rxh7 Ra6 38. Qe3 Rxc6 39. Qe7 1-0

[Event "Mercredi 2016.08.31 ABCD"]
[Site "Montreal CAN"]
[Date "2016.09.06"]
[Round "2"]
[White "Nica, Ion"]
[Black "Gates, Claude-Eric"]
[Result "0-1"]
[WhiteElo "1791"]
[BlackElo "1790"]
[PlyCount "82"]
[EventDate "2016.08.31"]
[EventType "tourn"]
[EventRounds "5"]
[EventCountry "CAN"]

1. d4 Nf6 2. Nf3 e6 3. Bg5 Be7 4. e3 b6 5. Bd3 Bb7 6. Nbd2 d5 7. Ne5 Nbd7 8. f4
c5 9. c3 h6 10. Bh4 O-O 11. O-O Ne4 12. Bxe7 Qxe7 13. Nxd7 Qxd7 14. Nf3 f6 15.
Qe2 Rad8 16. Rad1 Qf7 17. Nh4 Rc8 18. f5 exf5 19. Nxf5 Rc7 20. Qg4 Kh8 21. Nh4
Bc8 22. Qg6 Re8 23. Qxf7 Rxf7 24. Ng6+ Kg8 25. Nf4 Bb7 26. dxc5 bxc5 27. Bb5
Re5 28. Nd3 Rg5 29. h4 Rg4 30. Bd7 Rxd7 31. Nf4 g5 32. hxg5 hxg5 33. Nh3 Kg7
34. c4 d4 35. Rd3 Nd6 36. Rf2 Nxc4 37. exd4 Rdxd4 38. Rb3 Bc6 39. Rc3 Rd2 40.
Rxc4 Rd1+ 41. Kh2 Rxc4 0-1

[Event "Mercredi 2016.08.31 ABCD"]
[Site "Montreal CAN"]
[Date "2016.09.07"]
[Round "2"]
[White "Nunez, Omar"]
[Black "Jacquet, Stephane"]
[Result "0-1"]
[WhiteElo "1956"]
[BlackElo "2050"]
[PlyCount "44"]
[EventDate "2016.08.31"]
[EventType "tourn"]
[EventRounds "5"]
[EventCountry "CAN"]

1. f4 g6 2. Nf3 Bg7 3. g3 d6 4. Bg2 c5 5. O-O Nc6 6. d3 Nh6 7. c3 O-O 8. e4 b5
9. Kh1 Rb8 10. Be3 b4 11. Qc2 Qa5 12. Nfd2 Be6 13. Qc1 Qa6 14. f5 Ng4 15. Bg1
Bd7 16. Nc4 Nce5 17. Nxe5 Nxe5 18. d4 Nd3 19. Qc2 b3 20. Qe2 bxa2 21. Nd2 c4
22. fxg6 hxg6 0-1